000 00393nam a2200169Ia 4500
005 20250423095353.0
008 250422s9999 xx 000 0 und d
020 _a0- 553- 35137- 0
050 _aHQ 1090 .K44/
100 _aKeen, Sam
245 0 _aFire in the belly : on being a man
260 _aNew York
260 _bBantam books
260 _c1991
300 _a272 p
942 _cBK
999 _c30072
_d30072